ბათუმის შოთა რუსთაველის სახელმწიფო უნივერსიტეტის ბიბლიოთეკა

Мир Ислама. Pax Islamica 1(10) 2013 (ბიბ.ჩანაწერი № 47317)

000 -LEADER
fixed length control field 00643nam a2200217Ia 4500
001 - CONTROL NUMBER
control field 14178
003 - CONTROL NUMBER IDENTIFIER
control field GE_BSU
008 - FIXED-LENGTH DATA ELEMENTS--GENERAL INFORMATION
fixed length control field 181216s||||||||xx |||||||||||||| ||und||
040 ## - CATALOGING SOURCE
Transcribing agency GE_BSU
245 ## - TITLE STATEMENT
Title Мир Ислама. Pax Islamica 1(10) 2013
245 ## - TITLE STATEMENT
Remainder of title Памятники мусульманской культуры
260 ## - PUBLICATION, DISTRIBUTION, ETC.
Place of publication, distribution, etc. Москва
260 ## - PUBLICATION, DISTRIBUTION, ETC.
Name of publisher, distributor, etc. Изд.дом Марджани
260 ## - PUBLICATION, DISTRIBUTION, ETC.
Date of publication, distribution, etc. 2013
300 ## - PHYSICAL DESCRIPTION
Extent 224стр.22см.
653 ## - INDEX TERM--UNCONTROLLED
Uncontrolled term Pax Islamica
653 ## - INDEX TERM--UNCONTROLLED
Uncontrolled term Мир Ислама
653 ## - INDEX TERM--UNCONTROLLED
Uncontrolled term Памятники мусульманской культуры
653 ## - INDEX TERM--UNCONTROLLED
Uncontrolled term ნაჩუქარი
942 ## - ADDED ENTRY ELEMENTS (KOHA)
Koha item type პერიოდიკა
ეგზემპლარები
Withdrawn status Lost status Damaged status Not for loan Date acquired Barcode Date last seen Price effective from Koha item type
        2018-12-17 p76702 2018-12-17 2018-12-17 პერიოდიკა